000115153 001__ 115153
000115153 005__ 20220606144631.0
000115153 037__ $$aGDOC-2021-29744
000115153 041__ $$aspa
000115153 041__ $$aeng
000115153 100__ $$0(orcid)0000-0003-4440-830X$$1133085$$aJuan José Alba, López
000115153 24500 $$929744$$aDiseño y arquitectura de vehículos
000115153 24200 $$929744$$aVehicle Design and Architecture
000115153 260__ $$aZaragoza$$bUniversidad de Zaragoza$$c2021-2022
000115153 521__ $$9149$$aGraduado en Ingeniería Mecánica$$bBachelor's Degree in Mechanical Engineering
000115153 540__ $$aby-nc-sa$$bCreative Commons$$c3.0$$uhttp://creativecommons.org/licenses/by-nc-sa/3.0/
000115153 700__ $$0(orcid)0000-0003-1261-8847$$1135698$$aMario Vicente Maza, Frechín
000115153 830__ $$9434
000115153 8564_ $$s10292$$uhttps://zaguan.unizar.es/record/115153/files/guia-29744-en.pdf$$yGuide (english)
000115153 8564_ $$s12326$$uhttps://zaguan.unizar.es/record/115153/files/guia-29744-es.pdf$$yGuía (idioma español)
000115153 970__ $$aGDOC-2021-29744
000115153 980__ $$aGDOC$$bEngineering and Architecture$$bIngeniería y Arquitectura$$c110